Rural land registry (Record no. 118318)

MARC details
000 -LEADER
fixed length control field 01046cam a2200241 4500
001 - CONTROL NUMBER
control field WB@3612-769
008 - FIXED-LENGTH DATA ELEMENTS--GENERAL INFORMATION
fixed length control field 041117n2004 000 0 eng u
035 ## - SYSTEM CONTROL NUMBER
System control number (Sirsi) u128010
245 ## - TITLE STATEMENT
Title Rural land registry
260 ## - PUBLICATION, DISTRIBUTION, ETC.
Date of publication, distribution, etc. 2004
490 ## - SERIES STATEMENT
Series statement South East Farmer
Volume/sequential designation November 2004, 2(1)
520 ## - SUMMARY, ETC.
Summary, etc. Farmers and landowners could miss out on valuable payments if they fail to register their land on the Rural Land Registry. Currently all land eligible for the Single Farm Payment and other grants administered by the Rural Payments Agency is registered under the Integrated Administration and Control System. Farmers who think that they are eligible will need to register - however marginal they think that some of their land is. Advice can be found at: http://www.defra.gov.uk/.
590 ## - LOCAL NOTE (RLIN)
Local note WB
590 ## - LOCAL NOTE (RLIN)
Local note WB
650 ## - SUBJECT ADDED ENTRY--TOPICAL TERM
Topical term or geographic name entry element RURAL LAND
650 ## - SUBJECT ADDED ENTRY--TOPICAL TERM
Topical term or geographic name entry element RURAL PAYMENTS AGENCY
650 ## - SUBJECT ADDED ENTRY--TOPICAL TERM
Topical term or geographic name entry element DIGITAL MAPPING
650 ## - SUBJECT ADDED ENTRY--TOPICAL TERM
Topical term or geographic name entry element REGISTERED LAND
650 ## - SUBJECT ADDED ENTRY--TOPICAL TERM
Topical term or geographic name entry element IACS
650 ## - SUBJECT ADDED ENTRY--TOPICAL TERM
Topical term or geographic name entry element AGRICULTURAL SUBSIDIES
690 ## - LOCAL SUBJECT ADDED ENTRY--TOPICAL TERM (OCLC, RLIN)
Topical term or geographic name as entry element RURAL
9 (RLIN) 6268
942 ## - ADDED ENTRY ELEMENTS (KOHA)
Suppress in OPAC 0
Holdings
Withdrawn status Lost status Source of classification or shelving scheme Damaged status Not for loan Home library Current library Shelving location Date acquired Total Checkouts Full call number Barcode Date last seen Copy number Price effective from Koha item type
    Dewey Decimal Classification     London London News article 17/11/2004   WB4044-18 128010-1001 06/08/2019 1 06/08/2019 News article